HANDBOOK OF PRACTICAL NEURO PHYSIOTHERAPY (Record no. 8191)

MARC details
000 -LEADER
fixed length control field 00422nam a22001697a 4500
005 - DATE AND TIME OF LATEST TRANSACTION
control field 20230111105621.0
008 - FIXED-LENGTH DATA ELEMENTS--GENERAL INFORMATION
fixed length control field 221221b |||||||| |||| 00| 0 eng d
020 ## - INTERNATIONAL STANDARD BOOK NUMBER
ISBN 978-81-8448-693-3
041 ## - LANGUAGE CODE
Language code of text/sound track or separate title eng
082 ## - DEWEY DECIMAL CLASSIFICATION NUMBER
Classification number 615.8 MIT-H
100 ## - MAIN ENTRY--AUTHOR NAME
Personal name MITRA , PUSHPAL .
245 ## - TITLE STATEMENT
Title HANDBOOK OF PRACTICAL NEURO PHYSIOTHERAPY
260 ## - PUBLICATION, DISTRIBUTION, ETC. (IMPRINT)
Place of publication LONDON
Name of publisher ELSEVIER
Year of publication 2009
300 ## - PHYSICAL DESCRIPTION
Number of Pages 369'P.
650 ## - SUBJECT ADDED ENTRY--TOPICAL TERM
Topical Term BPT
942 ## - ADDED ENTRY ELEMENTS (KOHA)
Koha item type Books
Holdings
Lost status Damaged status Collection code Home library Current library Shelving location Date acquired Source of acquisition Cost, normal purchase price Full call number Accession Number Koha item type
    PHYSIOTHERAPY JRU Library JRU Library SHELF-20-D 25/10/2022 LOHIA BOOK INTERNATIONAL 895.00 615.8-MIT-H 27061 Books